Применение лазеров в народном хозяйстве: тезисы докладов Всесоюзной конференции, г. Звенигород, 17-20 мая 1985 г.

Бібліографічні деталі
Співавтори: Академия наук СССР (АН СССР) Междуведомственный научно-технический совет по проблемам лазерной технологии (570), Научно-исследовательский центр по технологическим лазерам, Применение лазеров в народном хозяйстве
Інші автори: Голубев В. С. Владимир Сергеевич (редактор)
Мова:Російська
Опубліковано: Москва, Наука, 1985
Предмети:
Формат: MixedMaterials Книга
KOHA link:https://koha.lib.tpu.ru/cgi-bin/koha/opac-detail.pl?biblionumber=285798

MARC

LEADER 00000nam0a2200000 4500
001 285798
005 20231101235829.0
020 |a RU  |b 85-38965 
035 |a (RuTPU)RU\TPU\book\310074 
090 |a 285798 
100 |a 20150227d1985 k y0rusy5003 ca 
101 0 |a rus 
102 |a RU 
105 |a a z 101zy 
200 1 |a Применение лазеров в народном хозяйстве  |e тезисы докладов Всесоюзной конференции, г. Звенигород, 17-20 мая 1985 г.  |f Академия наук СССР (АН СССР), Междуведомственный научно-технический совет по проблемам лазерной технологии ; Научно-исследовательский центр по технологическим лазерам ; под ред. В. С. Голубева 
210 |a Москва  |c Наука  |d 1985 
215 |a 232 с.  |c ил. 
320 |a Библиогр. в конце докл. 
606 1 |a Лазеры  |2 stltpush  |3 (RuTPU)RU\TPU\subj\39821  |9 59726 
610 0 |a Генераторы квантовые - Тезисы докладов 
610 1 |a лазерные технологии 
610 1 |a народное хозяйство 
610 1 |a применение 
610 1 |a квантовые генераторы 
610 1 |a лазерная аппаратура 
610 1 |a лазерная техника 
610 1 |a лазерные комплексы 
610 1 |a ИК-лазеры 
610 1 |a технологические лазеры 
610 1 |a лазерная термическая обработка 
610 1 |a лазерное излучение 
610 1 |a лазерное излучение 
610 1 |a химия 
610 1 |a биология 
610 1 |a медицина 
610 1 |a промышленный контроль 
610 1 |a тезисы докладов 
675 |a 621.373.826(063)  |v 3 
702 1 |a Голубев  |b В. С.  |g Владимир Сергеевич  |4 340 
712 0 2 |a Академия наук СССР (АН СССР)  |b Междуведомственный научно-технический совет по проблемам лазерной технологии  |c (Ленинград/Москва)  |c (1925-1991)  |2 stltpush  |3 (RuTPU)RU\TPU\col\722 
712 0 2 |a Научно-исследовательский центр по технологическим лазерам  |2 stltpush  |3 (RuTPU)RU\TPU\col\7161  |9 24297 
712 1 2 |a Применение лазеров в народном хозяйстве  |c конференция  |e Звенигород  |f 1985  |4 570 
801 0 |a RU  |b RuMRKP  |c 19950704  |g psbo 
801 1 |a RU  |b 63413507  |c 20150227 
801 2 |a RU  |b 63413507  |c 20171215  |g RCR 
942 |c BK